000 00768nam a2200229 a 4500
005 20251009063914.0
008 160817s2015 mx r 000 0 spa d
020 _a9786075240183
035 _aUPN01000212392
049 _aCG
050 4 _aJV6455
_bF7.2
100 1 _aFranzoni Lobo, Josefina
_939403
245 1 0 _aCultura política de migrantes indígenas a Estados Unidos y participación ciudadana /
_cJosefina Franzoni Lobo.
260 _aMéxico :
_bCONACULTA :
_bM. A. Porrúa,
_c2015.
300 _a248 p. :
_bgráfs., cuadros
440 0 _aDesarrollo y migración
651 4 _aEstados Unidos
_xEmigración e inmigración
_915551
650 2 _aCultura política
_98905
650 4 _aParticipación ciudadana
_923522
905 _aLibro
999 _c184492
_d184492